Frondizi (Registro nro. 5707)
[ vista simple ]
| 000 -LEADER | |
|---|---|
| fixed length control field | 01289 a2200217 4500 |
| 001 - CONTROL NUMBER | |
| control field | 54681 |
| 005 - DATE AND TIME OF LATEST TRANSACTION | |
| control field | 20260407155821.0 |
| 008 - FIXED-LENGTH DATA ELEMENTS--GENERAL INFORMATION | |
| fixed length control field | 260407a1973 arg spa d |
| 003 - CONTROL NUMBER IDENTIFIER | |
| control field | AR-UNSa-BCEJYS |
| 040 ## - CATALOGING SOURCE | |
| Original cataloging agency | AR-UNSa-BCEJYS |
| Language of cataloging | spa |
| Transcribing agency | AR-UNSa-BCEJYS |
| 080 ## - UNIVERSAL DECIMAL CLASSIFICATION NUMBER | |
| Universal Decimal Classification number | 94(82):32 |
| Common auxiliary subdivision | Historia Política y Constitucional de Argentina |
| 100 1# - MAIN ENTRY--PERSONAL NAME | |
| Personal name | Casas, Nelly |
| 245 10 - TITLE STATEMENT | |
| Title | Frondizi |
| Name of part/section of a work | una historia de política y soledad |
| 264 #1 - PRODUCTION, PUBLICATION, DISTRIBUTION, MANUFACTURE, AND COPYRIGHT NOTICE | |
| Place of production, publication, distribution, manufacture | Buenos Aires : |
| Name of producer, publisher, distributor, manufacturer | Ediciones La Bastilla |
| Date of production, publication, distribution, manufacture, or copyright notice | 1973 |
| 300 ## - PHYSICAL DESCRIPTION | |
| Extent | 481 p. |
| Dimensions | 20 cm. |
| 505 ## - FORMATTED CONTENTS NOTE | |
| Formatted contents note | Primera parte: "No renunciaré..." - I. Un año 58 revolucionario - II. Lo que no ayudó - III. FFAA: Las relaciones peligrosas - IV. La política internacional - V. La caída - VI. Las realizaciones - Segunda parte: "... No me iré del país..." - I. Su vida parlamentaria - II. Preparando el futuro - III. Revolución libertadora: una etapa difícil - IV. Un peligroso tirabuzón - V. La UCRI formula su programa - VI. La avalancha de los votos - VII. La difícil alternativa - VIII. Nace un partido - IX. La revolución argentina - Tercera parte: "... No me suicidaré" - I. El misterioso mundo de sus afectos - II. El perfil de una personalidad |
| 590 ## - LOCAL NOTE (RLIN) | |
| Local note | niveau_biblio:m niveau_hierar:0 |
| 650 ## - SUBJECT ADDED ENTRY--TOPICAL TERM | |
| Topical term or geographic name entry element | ARTURO FRONDIZI |
| 650 ## - SUBJECT ADDED ENTRY--TOPICAL TERM | |
| Topical term or geographic name entry element | arturo frondizi |
| 942 ## - ADDED ENTRY ELEMENTS (KOHA) | |
| Koha item type | |
| Withdrawn status | Lost status | Damaged status | Not for loan | Home library | Current library | Shelving location | Date acquired | Total checkouts | Full call number | Barcode | Date last seen | Price effective from | Koha item type |
|---|---|---|---|---|---|---|---|---|---|---|---|---|---|
| Biblioteca Prof. Eusebio Cleto del Rey | Biblioteca Prof. Eusebio Cleto del Rey | 07/04/2026 | 94(82):32 C334 | L45407 | 07/04/2026 | 07/04/2026 | Libro |